| 000 | 00938nam a2200229 a 4500 | ||
|---|---|---|---|
| 001 | 85198 | ||
| 003 | BD-RjUL | ||
| 005 | 20250714154233.0 | ||
| 008 | 250714s2023 bg a|||| m||| 00| 0 eng d | ||
| 035 | _a(BD-RjUL) | ||
| 040 |
_aBD-RjUL _beng _cBD-RjUL _dBD-RjUL |
||
| 082 |
_223 _a344.356095492 _bSUR 2023 |
||
| 100 |
_aSumy, Sumya Chowdhury _916025 |
||
| 245 | 1 | 0 |
_aRights of prisoners in Bangladesh : _bObligation, regulation, and practice / _cResearcher Sumya, Chowdhury Sumy ; _6Supervisor : Abu, Naser Md. Wahid |
| 260 |
_aRajshahi : _bInstitute of Bangladesh Studies, University of Rajshahi, _c2023 |
||
| 300 |
_axviii, 402 leaves : _bill, ; _c29.cm. |
||
| 502 | _aThesis (Ph. D.) -- Institute of Bangladesh Studies, University of Rajshahi, 2023 | ||
| 504 | _aBibliography : Leaves 389 - 397 | ||
| 650 |
_aPrisoner _vRegal status, Law, Etc _zBangladesh _916026 |
||
| 700 |
_aWahid, Abu, Naser Md. Supervisor _98941 |
||
| 942 |
_cTHE _2ddc |
||
| 999 |
_c85198 _d85198 |
||